Star Wars Planeten - Statistiken

Allgemein
  • Dieses Quiz wurde 2.453 mal gespielt
  • Das Durchschnittsergebnis liegt bei 9 aus 18
Antwortstatistiken
Planet % Korrekt
Naboo
83%
Tatooine
82%
Hoth
74%
Endor
71%
Coruscant
69%
Geonosis
64%
Mustafar
64%
Alderaan
63%
Kamino
60%
Dagobah
45%
Utapau
40%
Bespin
39%
Kashyyyk
35%
Felucia
23%
Yavin IV
21%
Mygeeto
8%
Polis Massa
7%
Cato Neimodia
5%
Keine übereinstimmenden Quizze gefunden
Verteilung der Resultate
Anzahl Personen mit jedem Resultat
Perzentil nach korrekt beantworteten Fragen
Ihre Resultats-Entwicklung
Sie haben dieses Quiz noch nicht gespielt